| 000 | 01759cam a2200337 i 4500 | ||
|---|---|---|---|
| 001 | 17541158 | ||
| 003 | EG-ScBUE | ||
| 005 | 20250618083718.0 | ||
| 008 | 121127t2013 flua f b 001 0 eng d | ||
| 020 | _a9781439898925 (hardback : alk. paper) | ||
| 020 | _a1439898928 (hardback : alk. paper) | ||
| 040 |
_aDLC _beng _erda _cDLC _dDLC _dEG-ScBUE |
||
| 082 | 0 | 4 |
_a539.7 _222 _bBRY |
| 100 | 1 |
_aBryan, Jeff C., _eauthor. _938083 |
|
| 245 | 1 | 0 |
_aIntroduction to nuclear science / _cJeff C. Bryan. |
| 250 | _aSecond edition. | ||
| 264 | 1 |
_aBoca Raton : _bCRC Press / Taylor & Francis Group, _c[2013] |
|
| 264 | 4 | _cc2013 | |
| 300 |
_axviii, 402 pages : _billustrations ; _c25 cm |
||
| 336 |
_2rdacontent _atext _btxt |
||
| 337 |
_aunmediated _2rdamedia _bn |
||
| 338 |
_avolume _bnc _2rdacarrier |
||
| 504 | _aIncludes bibliographical references and index. | ||
| 520 | _a"This introductory textbook covers general aspects of nuclear chemistry and physics. It discusses how nuclear science impacts our daily lives through medicine, electrical power generation, food safety, waste, and weapons. This second edition features four new chapters that address nuclear reactors, dosimetry, radiochemistry, and nuclear forensics. It also expands coverage of nuclear medicine and radiation therapy. With additional end-of-chapter problems, the text provides critical information for students earning nuclear-related degrees in the coming years, as well as providing an accessible reference for anyone with some post-secondary education and an interest in nuclear issues"-- | ||
| 650 | 7 |
_aNuclear physics. _2BUEsh _96844 |
|
| 650 | 7 |
_aNuclear chemistry. _2BUEsh |
|
| 651 | _2BUEsh | ||
| 653 |
_bENGGEN _cMay2015 |
||
| 655 |
_vReading book _934232 |
||
| 942 |
_2ddc _cBB |
||
| 999 |
_c19439 _d19411 |
||